000 00538nam a2200157 a 4500
008 120416s1987 ||||||||||||||||| || u
020 _a0155137107
050 _aHF 5438.25 Cum
100 _aCummings, Richard
245 1 0 _aContemporary selling
260 _aSan Diego
_bHarcourt Brace Jovanovich
_c1987
300 _axiv, 512p. : ill.
350 _a0.00
650 0 _aSELLING
995 _D0.00
_FCBU-MAIN LIBRARY (Kitwe)
_H1
_I15.90
_UAVAILABLE
_ZMain Library Open Access Collection
999 _c38661
_d38661